00743 2200241 4500001002100000005001500021035002500036008004100061082001000102090002100112100001200133245011700145260003100262300003800293500007200331650001200403850000900415985000600424986000900430999001500439504002900454990001800483YOGYA-0209000007241920180416111710 a0010-020900000072419180416 0 ind  a631.7 a631.7bSum PlSK0 aSUMARJO1 aPartisipasi masyarakat dalam pemenuhan kebutuhan air irigasi bendung Merdiko di Kabupaten Bantul /coleh Sumarjo aYogyakarta :b[s.n],c1996 axviii,115 lembar :bilus ;c30 cm aSkripsi Fakultas Pendidikan ilmu Pengetahuan Sosial IKIP Yogyakarta aIrigasi aBPAD a1 aHeru a08A0036520 aBibliografi;lembar 96-98 a36520-PD/A.08